La interpretación de la Biblia en la Iglesia
Gardado en:
| Autor Corporativo: | |
|---|---|
| Formato: | Libro |
| Idioma: | Lingua castelá |
| Publicado: |
Roma
PCB
1993
|
| Subjects: | |
| Tags: |
Engadir etiqueta
Sen Etiquetas, Sexa o primeiro en etiquetar este rexistro!
|
MARC
| LEADER | 00000nam a2200000 a 4500 | ||
|---|---|---|---|
| 001 | UCI5854 | ||
| 003 | CL-VaPUC | ||
| 008 | 080411e19930000IT |||||||||||||||||spa|d | ||
| 082 | 0 | 4 | |a 220.6 |b PON |2 21 |
| 110 | 2 | |a Pontificia Comisión Bíblica |e author |9 528474 | |
| 245 | 1 | 3 | |a La interpretación de la Biblia en la Iglesia |
| 300 | |a pag. irreg | ||
| 942 | |c BK | ||
| 945 | |d 20080411 00:00:00 |a rbrito | ||
| 260 | |a Roma |b PCB |c 1993 | ||
| 600 | 0 | 7 | |a BIBLIA |2 CL-VaPUC |9 399806 |
| 650 | 0 | |a Textos sagrados |9 257605 | |
| 650 | 0 | |a Hermenéutica |9 269473 | |
| 583 | |a last modification |c 20080411 00:00:00 |k Rodrigo Vera | ||
| 999 | |c 329513 |d 329511 | ||
| 952 | |0 0 |1 0 |4 0 |6 220_600000000000000_PON_1993 |7 0 |8 A |9 414312 |a BIBTEO |b BIBTEO |d 2019-11-22 |i 4425618 |l 1 |o 220.6 PON 1993 |p 4425618 |r 2025-01-17 |s 2020-03-20 |w 2019-11-22 |y BK |k ICR | ||